| 000 | 00672nam a2200253Ia 4500 | ||
|---|---|---|---|
| 008 | 160803s9999 xx 000 0 und d | ||
| 020 | _a0 590009478 | ||
| 100 | _aShaw, Nancy | ||
| 245 | _aSheep in a shop / | ||
| 245 | _cNancy Shaw ; illustrated by Margot Apple. | ||
| 260 | _aNew York : | ||
| 260 | _bScholastic Inc. | ||
| 260 | _c1991 | ||
| 300 | _a32 pages : | ||
| 300 | _bcolor illustrations ; | ||
| 300 | _c21 x 22 cm | ||
| 500 | _aOriginally published : Boston : Houghton Mifflin Company, 1991. | ||
| 650 | _aSheep -- | ||
| 650 | _aShopping -- | ||
| 650 | _aStories in rhyme. | ||
| 650 | _xFiction. | ||
| 650 | _xFiction. | ||
| 700 | _a130 | ||
| 999 |
_c298862 _d298862 |
||